Loading...
The disabled economics of labour market adjustments
| Main Author: | |
|---|---|
| Format: | Ph.D Thesis |
| Published: |
University of Kerala
1995
|
| LEADER | 00472nam a2200193 4500 | ||
|---|---|---|---|
| 020 | |||
| 082 | |a M 22 | ||
| 100 | |a Sandhya Ramachandran, S | ||
| 245 | |a The disabled economics of labour market adjustments | ||
| 250 | |||
| 260 | |a University of Kerala |c 1995 | ||
| 300 | |||
| 490 | |||
| 500 | |||
| 590 | |||
| 650 | |||
| 942 | |c THES | ||
| 999 | |c 118273 |d 118273 | ||
| 952 | |0 0 |1 0 |4 0 |6 M_22_000000000000000 |7 0 |9 131740 |a ECN |b ECN |l 0 |o M 22 |p ECNM022 |r 2019-09-25 |w 2019-09-25 |y THES | ||